| 000 | 00675nam a2200265Ia 4500 | ||
|---|---|---|---|
| 003 | EC-GqESP | ||
| 005 | 20260209114037.0 | ||
| 008 | 250425s9999 xx 000 0 und d | ||
| 010 | _a68982 | ||
| 041 | _aspa | ||
| 082 | _a558.66 | ||
| 100 | _aNuñez Del Arco Eugenio | ||
| 245 | 0 | _aGEOLOGIA DEL ECUADOR | |
| 250 | _a1A ED. | ||
| 260 |
_aEcuador _bESPOL. _c2003 |
||
| 260 |
_aGUAYAQUIL _bESPOL. |
||
| 300 |
_a254 p. _bBibliografia, imágenes, gráficos _c26x19 cm |
||
| 650 | _aECUADOR | ||
| 650 | _aFORMACION CRETACEA | ||
| 650 | _aFORMACION JURASICA | ||
| 650 | _aFORMACION TERCIARIA | ||
| 650 | _aFORMACION TRIASICA | ||
| 650 | _aGEOLOGIA | ||
| 942 | _c01 | ||
| 999 |
_c228537 _d228537 |
||